LEADER 01096cam0 22002771 450 001 SOBE00043251 005 20140516090225.0 100 $a20140516f0000 |||||ita|0103 ba 101 $aita 102 $aIT 200 1 $aSanta Maria Maggiore$fEmilio Lavagnino e Vittorio Moschini 210 $aRoma$cCasa editrice Roma$d[19..] 215 $a105 p., [1] carta di tav. ripiegata$cill.$d18 cm 225 2 $achiese di Roma illustrate$v7 410 1$1001SOBE00043250$12001 $aLe *chiese di Roma illustrate$v7 700 1$aLavagnino$b, Emilio$3AF00007363$4070$02384 702 1$aMoschini, Vittorio <1896-1976>$3SOBA00009939$4070 801 0$aIT$bUNISOB$c20140516$gRICA 850 $aUNISOB 852 $aUNISOB$j4|B$m12713|ort 912 $aSOBE00043251 940 $aM 102 Monografia moderna SBN 941 $aM 957 $xFondo|Ortolani$a4|B$b076$fModalità di consultazione sulla home page della Biblioteca link Fondi$gNO$d12713|ort$hOrtolaniS$rdono$1calvano123$2UNISOB$3UNISOB$420140516085512.0$520140516085550.0$6calvano123 996 $aSanta Maria Maggiore$91711532 997 $aUNISOB LEADER 01043nam0-2200301 --450 001 9910864100603321 005 20240620140924.0 010 $a88-8450-190-3 020 $aIT$b2007-8151 100 $a20240620d2006----kmuy0itay5050 ba 101 1 $aita$alat 102 $aIT 105 $a 001yy 200 1 $aAthanasii Alexandrini Opuscula$fOmnibono Leoniceno interprete$ga cura di Silvia Fiaschi 210 $aFirenze$cSISMEL Edizioni del Galluzzo$d2006 215 $aLXII, 361 p., [2] c. di tav.$d25 cm 225 1 $a<>ritorno dei classici nell'umanesimo$i3. Edizione nazionale delle traduzioni dei testi greci in età umanistica e rinascimentale$v2 676 $a273.4$v21 700 1$aBonisoli,$bOgnibene$0934008 702 0$aAthanasius : Alexandrinus 702 1$aFiaschi,$bSilvia 801 0$aIT$bUNINA$gREICAT$2UNIMARC 901 $aBK 912 $a9910864100603321 952 $aP2B 660 SISMEL CLASSICI 3.2$b2024/9980$fFLFBC 959 $aFLFBC 996 $aAthanasii Alexandrini Opuscula$94167939 997 $aUNINA